Himavazhiyile Budhasancharangal (Record no. 125290)

MARC details
000 -LEADER
fixed length control field 00385nam a2200133Ia 4500
008 - FIXED-LENGTH DATA ELEMENTS--GENERAL INFORMATION
fixed length control field 211122s9999||||xx |||||||||||||| ||und||
082 ## - DEWEY DECIMAL CLASSIFICATION NUMBER
Classification number 910
Item number PRA-H
100 ## - MAIN ENTRY--PERSONAL NAME
Personal name Prasannakumar, K B
245 #0 - TITLE STATEMENT
Title Himavazhiyile Budhasancharangal
260 ## - PUBLICATION, DISTRIBUTION, ETC.
Name of publisher, distributor, etc. Mathrubhumi Books
Place of publication, distribution, etc. Kozhikode
630 ## - SUBJECT ADDED ENTRY--UNIFORM TITLE
General subdivision General Stack
650 ## - SUBJECT ADDED ENTRY--TOPICAL TERM
Topical term or geographic name entry element HISTORY AND GEOGRAPHY
942 ## - ADDED ENTRY ELEMENTS (KOHA)
Koha item type BOOK
650 ## - SUBJECT ADDED ENTRY--TOPICAL TERM
Form subdivision GEOGRAPHY AND TRAVELMalayalam
Holdings
Withdrawn status Lost status Damaged status Not for loan Home library Current library Date acquired Cost, normal purchase price Total Checkouts Full call number Barcode Shelving location Date last seen Date last checked out Price effective from Koha item type
        SB LIBRARY SB LIBRARY 22/11/2021 95.00 2 910 PRA-H 00138959 GENERAL STACK 11/12/2023 27/11/2023 22/11/2021 BOOK

Powered by Koha